01119nam a2200265Ia 4500003000900000008004100009020001800050040001600068080002200084110004600106111009100152245022300243260005800466300001700524490003400541650001900575650001800594700003000612700002700642700003100669700003000700942000700730999001700737952009900754IN-BaIIA211028s9999 xx 000 0 eng d a1-58381-046-3 cIIA Library a082.2:52bASP-215 aAstronomical Society of the Pacific91154 aGuillermo Haro Conference on Astrophysicsn3rdcPuebla, Mexicod1999 Nov. 15-19924761 0aCosmic evolution and galaxy formationbstructure, interactions and feedback, proceedings of the 3rd Guillermo Haro astrophysics conference held in Puebla, Mexico, November 15-19, 1999cedited by J. Franco... [et al.] aCaliforniabAstronomical Society of the Pacificc2000 axviii, 320p. aASP conference series; v. 215 aGalaxies91286 aQuasars91096 aAretxaga, I., eds.924762 aFranco, J., ed.924763 aLopez-Cruz, O., ed.924764 aTerlevich, E., ed.920772 cBK c14085d14085 00104070aBANbBANcGENd2001-05-14l0o082.2:52/ ASP-215p15005r2021-11-05w2001-05-14yBK